000
00205 a2200097 4500
001
45181
100
_a
Welbourne
245
_a
Flight engines
260
_a
London
_b
Blackie & Son
_c
090
_c
28378
_d
28378
942
_a
NUST-CAE
_c
M
_c
20422
999
_c
280254
_d
280254